El disparo (Record no. 122967)

MARC details
000 -LEADER
campo de control de longitud fija 00608nam a2200193 4500
001 - NÚMERO DE CONTROL
campo de control 122967
003 - IDENTIFICADOR DE NÚMERO DE CONTROL
campo de control ES-MaACL
005 - FECHA Y HORA DE LA ÚLTIMA TRANSACCIÓN
campo de control 20231201062950.0
007 - CAMPO FIJO DE DESCRIPCIÓN FÍSICA--INFORMACIÓN GENERAL
campo de control de longitud fija t|
008 - DATOS DE LONGITUD FIJA--INFORMACIÓN GENERAL
campo de control de longitud fija 070214s1942 ag r ||||0| spa d
100 1# - ENTRADA PRINCIPAL--NOMBRE DE PERSONA
Nombre de persona Pushkin, Aleksandr Sergueevich,
Fechas asociadas al nombre 1799-1837
9 (RLIN) 94427
245 13 - MENCIÓN DEL TÍTULO
Título El disparo
Resto del título : Mozart ; Festín durante la peste /
Mención de responsabilidad, etc. Aleksandr Sergueevich Pushkin.
260 ## - PUBLICACIÓN, DISTRIBUCIÓN, ETC.
Lugar de publicación, distribución, etc. Buenos Aires :
Nombre del editor, distribuidor, etc. Emecé,
Fecha de publicación, distribución, etc. 1942.
300 ## - DESCRIPCIÓN FÍSICA
Extensión 99 p., 30 lám :
Otras características físicas il ;
Dimensiones 16 cm.
740 0# - ENTRADA AGREGADA--TÍTULO RELACIONADO/ANALÍTICO NO CONTROLADO
Título relacionado o analítico no controlado Mozart.
740 0# - ENTRADA AGREGADA--TÍTULO RELACIONADO/ANALÍTICO NO CONTROLADO
Título relacionado o analítico no controlado Festín durante la peste.
852 ## - LOCALIZACIÓN
Ubicación ES-MaACL
Número de control de estantería D-5742
Sublocalización o colección R.28869
Holdings
Estatus retirado Estado de pérdida Estado de daño No para préstamo Biblioteca de origen Biblioteca actual Ubicación en estantería Fecha de adquisición Fuente de adquisición Total de préstamos Signatura topográfica completa Código de barras Visto por última vez Precio de reemplazo Tipo de ítem Koha
        Biblioteca del Ateneo de Madrid Biblioteca del Ateneo de Madrid Sala Valle Inclán 17/01/2008     D-5742 901128135 23/02/2023 23/02/2023 Libro impreso